000 00478nam a2200217Ia 4500
001 109921
003 YMCAF
005 20230512162406.0
008 100717s2003 ||||||||||||||||| ||und|d
024 _a109921
035 _aWB908
040 _aYMCAF
_beng
_cIN-KoLT
041 _aeng
082 _a610.28
_bKHA
100 _aKhandpur, R P
245 0 _aHandbook of Biomedical instrumentation
250 _a2nd
260 _bTMH
_c2003
300 _a924
942 _2ddc
_cBK
999 _c11690
_d11690